LDR 00813naa#a2200193#i#450# 001 EN\\bibl\123355 005 20260706020036.1 011 ## _a1994-4683 100 ## _a20230731b2023####ek#y0engy0150####ca 102 ## _aRU 200 1# _aCOMPARATIVE RESEARCH ON THE PHYSICAL FITNESS LEVELS OFPEDAGOGICAL UNIVERSITY STUDENTS BEFORE AND AFTER THE COVID-19 PANDEMIC _eJournal article 210 1# _aMoscow _cNational State University of Physical Education, Sports and Health named after P.F. Lesgaft _d2023 215 ## _a3 с. 608 ## _aJournal article _2local 675 ## _aФилософские и научно-теоретические основы физической культуры и спорта. 796.011 _z 700 #1 _aBogdanov _gO A 700 #1 _aCHepakov _gE M 700 #1 _aMikhaylov _gK K 856 4# _auchzapiski.lesgaft.spb.ru _u